Aata Rampaai Mna Laag Degen Malkans- Bhajan Part 1 : (Record no. 43597)

MARC details
000 -LEADER
fixed length control field 01142njm a22002537a 4500
005 - DATE AND TIME OF LATEST TRANSACTION
control field 20100903142332.0
007 - PHYSICAL DESCRIPTION FIXED FIELD--GENERAL INFORMATION
fixed length control field sd ammalaaahaa
008 - FIXED-LENGTH DATA ELEMENTS--GENERAL INFORMATION
fixed length control field 100903t xxu||||| |||| 00| 0 hin d
028 ## - PUBLISHER NUMBER
Publisher number BEX. 263
Source Columbia
028 ## - PUBLISHER NUMBER
Publisher number RS. 1462
Source Columbia
028 ## - PUBLISHER NUMBER
Publisher number RS. 1463
Source Columbia
035 ## - SYSTEM CONTROL NUMBER
System control number GR-339
040 ## - CATALOGING SOURCE
Original cataloging agency SED/VEN
100 ## - MAIN ENTRY--PERSONAL NAME
Personal name Abdul Karim Khan
9 (RLIN) 18127
245 ## - TITLE STATEMENT
Title Aata Rampaai Mna Laag Degen Malkans- Bhajan Part 1 :
Remainder of title Marathi /
Statement of responsibility, etc by Abdul Karim Khan
Medium [sound recording]
246 ## - VARYING FORM OF TITLE
Title proper/short title आता रामपाई मना लाग देगें माल्कंस - भजन (अब्दुल करीम खान )
260 ## - PUBLICATION, DISTRIBUTION, ETC. (IMPRINT)
Place of publication, distribution, etc Dum Dum, India
Name of publisher, distributor, etc Columbia
300 ## - PHYSICAL DESCRIPTION
Extent 1 sound disc [Gramophone record]
Other physical details analog, 33. 1/3 rpm
Dimensions 12 in (LP)
Type of unit Gramophone record
500 ## - GENERAL NOTE
General note Brief record.
505 ## - FORMATTED CONTENTS NOTE
Formatted contents note Taari Taari Re Ramraya Khamaaz- Bhajan (Abdul Karim Khan) तारी तारी रे रामराया खमाज - भजन भाग २
650 ## - SUBJECT ADDED ENTRY--TOPICAL TERM
Topical term or geographic name as entry element Classical Music
General subdivision Excerpts
Geographic subdivision India
9 (RLIN) 18128
942 ## - ADDED ENTRY ELEMENTS (KOHA)
Source of classification or shelving scheme Dewey Decimal Classification
Item type Gramaphone Records
Holdings
Withdrawn status Lost status Source of classification or shelving scheme Damaged status Not for loan Home library Current library Date acquired Source of acquisition Total Checkouts Barcode Date last seen Copy number Price effective from Koha item type
    Dewey Decimal Classification   Not For Loan Central Library Central Library 03/09/2010 SED/VEN   GR-339 03/09/2010 1 03/09/2010 Gramaphone Records

© Delhi Public Library
Hit Counter
free hit counter